header

An instinct for war (Record no. 61119)

MARC details
000 -LEADER
fixed length control field 01109nam a2200289Ia 4500
100 1# - MAIN ENTRY--AUTHOR NAME
Personal name Spiller, Roger J.
245 13 - TITLE STATEMENT
Title An instinct for war
260 ## - PUBLICATION, DISTRIBUTION, ETC. (IMPRINT)
Place of publication Cambridge, MA :
Name of publisher Belknap Press of Harvard University Press,
Year of publication 2005.
300 ## - PHYSICAL DESCRIPTION
Number of Pages 403 p.
650 #0 - SUBJECT ADDED ENTRY--TOPICAL TERM
Topical Term Battles
Topical Term War stories.
856 40 - ELECTRONIC LOCATION AND ACCESS
Uniform Resource Identifier http://site.ebrary.com/lib/rucke/Doc?id=10305852

No items available.

© 2026 Rongo University
Contact us: librarian | system librarian | Rongo university